00637 2200241 4500001002100000005001700021008004100038020001800079035002400097082001000121090001700131100001400148245004800162250001100210260003300221300002800254500002700282650003500309850001500344980001500359985000600374999001500380YOGYA-0209000003418720090227024850.0 ind  a979-412-144-4 0010-020900000034187 a959.8 a959.8bSul H aSulastomo aHari-hari yang panjang 1963-1966cSulastomo aCet. 1 aJakartabHaji Masagungc1989 ax, 150 hlmbilusc21 cm aBibliografi : hlm. 150 aGerakan 30 September - Sejarah aYOPDYOG(B) a10-16-2006 a1 aP000032406